[Event "Petroupoli-ch"]
[Site "Petropouli"]
[Date "2014.02.22"]
[Round "5"]
[White "Dimoudi, Alexandra"]
[Black "Dallis, Ioannis"]
[Result "0-1"]
[WhiteElo "1137"]
[BlackElo "1366"]
[PlyCount "38"]
[EventDate "2014.01.25"]
[EventType "swiss"]
[EventRounds "7"]
[EventCountry "GRE"]
[SourceTitle "EXT 2015"]
[Source "ChessBase"]
[SourceDate "2014.11.20"]
[SourceVersion "1"]
[SourceVersionDate "2014.11.20"]
[SourceQuality "1"]

1. e4 e5 2. Nf3 Nc6 3. Bc4 Bc5 4. c3 Nf6 5. d4 exd4 6. cxd4 Bb4+ 7. Nc3 Nxe4 8. 0-0 Bxc3 9. d5 Bf6 10. Re1 Ne7 11. Rxe4 d6 12. Bg5 Bxg5 13. Nxg5 h6 14. Qe2 hxg5 15. Re1 Be6 16. dxe6 f6 17. Bb3 d5 18. Ra4 Qd6 19. Rd1 Qxh2+ 0-1